Statistics for World Capital Quiz - London

Click here to take the quiz!

General Stats

  • This quiz has been taken 67 times
  • The average score is 16 of 20

Answer Stats

questionanswer% Correct
Monarch's main residence{Buckingham} Palace
100%
The river it crossesThames
100%
What is pictured?{Tower} Bridge
95%
Bell inside House of Parliament's famous clocktowerBig Ben
94%
Disaster of 1666Great Fire
92%
Three largest airportsHeathrow
92%
Mass transit rail systemLondon {Underground}
92%
Main stadium - footballWembley
89%
Main stadium - tennisWimbledon
87%
Suburb where the Prime Meridian (0° W/E) bisects the Royal ObservatoryGreenwich
85%
Nearest capital of a UK countryCardiff
84%
The mass transit's nicknameThe {Tube}
84%
Tallest building (323 m high)The Shard
82%
Suburb (and borough) where parliament is locatedWestminster
79%
Nearest international capitalBrussels
77%
Three largest airportsGatwick
76%
Where Prince Charles married Diana{St Paul's} Cathedral
73%
Three largest airportsStansted
53%
Mayor since 2016Sadiq Khan
52%
Main stadium - cricketLord's
47%

Score Distribution

Percentile by Number Answered

Percent of People with Each Score

Your Score History

You have not taken this quiz